| 000 | 00474nam a2200181Ia 4500 | ||
|---|---|---|---|
| 008 | 240925s9999 xx 000 0 und d | ||
| 020 | _a9812531459 | ||
| 082 | _a658.4 SCH | ||
| 100 | _aSchermerhorn, John R. | ||
| 245 | 0 | _aManagement and Organizational Behavior Essentials | |
| 250 | _aNA | ||
| 260 |
_aNew Delhi: _bWiley and Sons _c,1996. |
||
| 300 |
_a325p. _b0 _fOriginal |
||
| 500 | _aIncludes Index | ||
| 600 | _aManagement | ||
| 650 | _aManagement | ||
| 942 | _cBK | ||
| 999 |
_c17690 _d17690 |
||